000 00722cam a22002053a 4500
001 40423
003 PGUSA
005 20140828083913.0
008 120806s2012||||xxu|||||s|||||000 | eng d
040 _aPGUSA
_beng
042 _adc
100 1 _aLoftie, W. J.
_q(William John),
_d1839-1911
245 1 0 _aLessons in the Art of Illuminating :
_bA Series of Examples selected from Works in the British Museum, Lambeth Palace Library, and the South Kensington Museum.
_h[electronic resource] /
_cW. J. Loftie
260 _bProject Gutenberg,
_c2012
506 _aPublic domain in the USA.
516 _aElectronic text
830 0 _aProject Gutenberg
_v40423
856 4 0 _uhttp://www.gutenberg.org/ebooks/40423
942 _cEB
999 _c269676
_d269676